Professional guide to signs & symptoms
Guide to more than 550 signs and symptoms with nursing implications in a concise format. For nurses. More than 500 illustrations, flowcharts, tables, and reproducible patient teaching aids are also included. A-to-Z organization for quick access.
Đã lưu trong:
| Formáid: | Leabhar |
|---|---|
| Teanga: | Undetermined |
| Foilsithe: |
Springhouse, Pa
Springhouse Corp.
2001
|
| Ábhair: | |
| Clibeanna: |
Cuir Clib Leis
Gan Chlibeanna, Bí ar an gcéad duine leis an taifead seo a chlibeáil!
|
| Thư viện lưu trữ: | Trung tâm Học liệu Trường Đại học Cần Thơ |
|---|
| LEADER | 00737nam a2200181Ia 4500 | ||
|---|---|---|---|
| 001 | CTU_152273 | ||
| 008 | 210402s9999 xx 000 0 und d | ||
| 020 | |c 12.95 | ||
| 082 | |a 616.047 | ||
| 082 | |b P963 | ||
| 245 | 0 | |a Professional guide to signs & symptoms | |
| 260 | |a Springhouse, Pa | ||
| 260 | |b Springhouse Corp. | ||
| 260 | |c 2001 | ||
| 520 | |a Guide to more than 550 signs and symptoms with nursing implications in a concise format. For nurses. More than 500 illustrations, flowcharts, tables, and reproducible patient teaching aids are also included. A-to-Z organization for quick access. | ||
| 650 | |a Symptoms,Triệu chứng | ||
| 904 | |i Phương Kiều | ||
| 980 | |a Trung tâm Học liệu Trường Đại học Cần Thơ | ||